[Event "ICS Rated blitz match"]
[Site "204.178.125.65"]
[Date "2001.07.11"]
[Round "?"]
[White "Hossa"]
[Black "QueenMaxima"]
[Result "1-0"]
[WhiteElo "2561"]
[BlackElo "2573"]
[PlyCount "159"]
[EventDate "2001.??.??"]

1. e4 Nf6 2. e5 Ne4 3. d3 Nc5 4. d4 Ne6 5. d5 Nc5 6. Nc3 e6 7. d6 cxd6 8. exd6
Qa5 9. Qd2 Nba6 10. Nb5 Qxd2+ 11. Bxd2 Ne4 12. Bf4 Nb4 13. Nc7+ Kd8 14. Bd3 Nc5
15. Rd1 Ncxd3+ 16. cxd3 Nd5 17. Bg5+ f6 18. Nxa8 fxg5 19. Nc7 Nb6 20. Nf3 Bxd6
21. Nb5 Bf4 22. Nxa7 g4 23. Nd2 Rf8 24. Ke2 Be5 25. Nxc8 Nxc8 26. Rb1 Nb6 27.
Nc4 Nxc4 28. dxc4 Bd4 29. Rhf1 Ke7 30. b3 e5 31. Rbd1 Ke6 32. a4 Rf6 33. Rd2
Rh6 34. Rh1 Rf6 35. Kf1 Bc3 36. Rc2 Bd4 37. Ke1 Rh6 38. b4 d6 39. Ke2 Rf6 40.
Kf1 Rf8 41. h3 g3 42. f3 Ra8 43. a5 b6 44. Ra2 Bc3 45. Ra4 d5 46. a6 dxc4 47.
Ke2 b5 48. Ra5 Ra7 49. Rc1 Bb2 50. Rc2 c3 51. Kd3 Kf5 52. Re2 Ra8 53. Rxb5 Rxa6
54. Rbxe5+ Kf6 55. Re8 Rd6+ 56. Kc2 h5 57. Rf8+ Kg6 58. f4 Rd4 59. b5 Kh7 60.
b6 Rb4 61. Re6 h4 62. f5 Rb5 63. Rc6 Ba3 64. Rd8 Bb2 65. f6 Ba3 66. f7 g6 67.
Kxc3 Kg7 68. Rc7 Kh6 69. b7 Kg5 70. f8=Q Bxf8 71. Rxf8 Rb6 72. Rc5+ Kh6 73.
Rh8+ Kg7 74. b8=Q Rxb8 75. Rxb8 Kf6 76. Rb6+ Kg7 77. Rc7+ Kh6 78. Rb5 g5 79.
Rb6+ Kh5 80. Rh7# {QueenMaxima checkmated} 1-0

[Event "ICS rated blitz match"]
[Site "204.178.125.65"]
[Date "2001.07.11"]
[Round "?"]
[White "monsoon"]
[Black "Hossa"]
[Result "0-1"]
[WhiteElo "2496"]
[BlackElo "2578"]
[PlyCount "128"]
[EventDate "2001.??.??"]

1. e4 d6 2. d4 Nf6 3. Nc3 g6 4. Nf3 Bg7 5. Be2 O-O 6. O-O Bd7 7. Bg5 c5 8. dxc5
dxc5 9. Qd2 Nc6 10. Rad1 Be6 11. Bf4 Qxd2 12. Rxd2 Nh5 13. Be3 Bxc3 14. bxc3 b6
15. Bh6 Rfd8 16. a4 Nf6 17. Bb5 Na5 18. Rfd1 Rxd2 19. Nxd2 c4 20. Ba6 Rd8 21.
f3 Nd7 22. Nf1 Nc6 23. Ne3 Nc5 24. Rxd8+ Nxd8 25. Bb5 a6 26. Be8 f6 27. Nd5
Bxd5 28. exd5 g5 29. h4 Nf7 30. hxg5 fxg5 31. Bxf7+ Kxf7 32. a5 bxa5 33. Bxg5
Na4 34. Kf2 Nxc3 35. Bd2 Nxd5 36. Bxa5 Ke6 37. Ke2 Ke5 38. Bd2 Kd4 39. g3 c3
40. Bh6 a5 41. Bg7+ Kc4 42. Kd1 Ne3+ 43. Kc1 Nf1 44. Bf8 e6 45. Bd6 Nd2 46. f4
h5 47. Bb8 a4 48. Bd6 Ne4 49. Be7 Nxg3 50. Bh4 Nf5 51. Bf2 h4 52. Kb1 h3 53.
Bg1 Nh4 54. f5 exf5 55. Bh2 Nf3 56. Bd6 h2 57. Bxh2 Nxh2 58. Ka2 f4 59. Ka3 Kb5
60. Ka2 f3 61. Kb1 f2 62. Ka1 f1=R+ 63. Ka2 Kc4 64. Ka3 Ra1# {
monsoon checkmated} 0-1

[Event "ICS Rated standard match"]
[Site "204.178.125.65"]
[Date "2001.07.11"]
[Round "?"]
[White "Hossa"]
[Black "rahu"]
[Result "1-0"]
[WhiteElo "2391"]
[BlackElo "2200"]
[PlyCount "21"]
[EventDate "2001.??.??"]

1. e4 Nf6 2. e5 Nd5 3. Nc3 Nxc3 4. bxc3 d6 5. f4 dxe5 6. fxe5 Qd5 7. d4 Bf5 8.
Nf3 Qe4+ 9. Be2 Qxc2 10. Qxc2 Bxc2 11. e6 {rahu resigns} 1-0

[Event "ICS Rated blitz match"]
[Site "204.178.125.65"]
[Date "2001.07.11"]
[Round "?"]
[White "Hossa"]
[Black "Tinker"]
[Result "1/2-1/2"]
[WhiteElo "2590"]
[BlackElo "2495"]
[PlyCount "153"]
[EventDate "2001.??.??"]

1. e4 c5 2. Nf3 d6 3. d4 cxd4 4. Nxd4 Nf6 5. Nc3 g6 6. f4 Nc6 7. Nxc6 bxc6 8.
Be2 Bg7 9. Be3 O-O 10. O-O Qa5 11. Rb1 Rb8 12. Bd4 e5 13. fxe5 dxe5 14. Be3 Be6
15. Qe1 Kh8 16. a3 Rb7 17. b4 Qd8 18. Bc5 Rg8 19. Rd1 Rd7 20. Bxa7 Rxd1 21.
Bxd1 Qa8 22. Qf2 Nd7 23. Be2 Qb7 24. Be3 Ra8 25. Ra1 Qb8 26. b5 cxb5 27. Bxb5
Nf6 28. Qe1 Qf8 29. a4 Ng4 30. Nd5 Bxd5 31. exd5 Rc8 32. c3 Qd6 33. Ba7 Ra8 34.
Be2 Rxa7 35. Bxg4 Qxd5 36. Qe3 Qa8 37. Bd1 Re7 38. a5 e4 39. a6 Qa7 40. Qxa7
Rxa7 41. Ra3 Bf8 42. Ra5 f5 43. Kf2 Bd6 44. g3 Bc7 45. Ra4 Bb6+ 46. Ke2 e3 47.
Bb3 Bc5 48. Ra5 Bb6 49. Ra1 Re7 50. Bd5 Kg7 51. Rb1 Ba7 52. c4 Kf6 53. Rb5 h6
54. c5 Rc7 55. c6 Ke7 56. h4 Kd6 57. Kd3 Re7 58. Bf3 e2 59. Bxe2 Kxc6 60. Rb7
Rxb7 61. Bf3+ Kb6 62. Bxb7 Bb8 63. g4 fxg4 64. Kd4 Bg3 65. Kd5 Bxh4 66. Ke6 g3
67. Kf7 g5 68. Kg6 g2 69. Bxg2 Kxa6 70. Kxh6 g4 71. Kh7 g3 72. Kh8 Ka7 73. Kg8
Kb8 74. Kh8 Kc8 75. Kg8 Kd8 76. Bh1 g2 77. Bxg2 {
Game drawn because neither player has mating material} 1/2-1/2

[Event "ICS Rated standard match"]
[Site "204.178.125.65"]
[Date "2001.07.11"]
[Round "?"]
[White "Yace"]
[Black "Hossa"]
[Result "1-0"]
[WhiteElo "2710"]
[BlackElo "2391"]
[PlyCount "120"]
[EventDate "2001.??.??"]

1. Nf3 Nf6 2. d4 d5 3. c4 c6 4. Nc3 dxc4 5. a4 Qa5 6. Bd2 Qf5 7. e3 Be6 8. Ne5
Nbd7 9. Nxc4 Qg6 10. Na5 O-O-O 11. b4 Bf5 12. b5 c5 13. Qf3 Be4 14. Nxe4 Qxe4
15. Be2 e5 16. O-O exd4 17. exd4 cxd4 18. Rac1+ Nc5 19. Qh3+ Qe6 20. Qxe6+ fxe6
21. Bf3 Rd7 22. Nb3 b6 23. Rfe1 Kb8 24. Nxc5 Bxc5 25. Rxe6 d3 26. Bf4+ Kc8 27.
a5 Kd8 28. axb6 Bxb6 29. Bc6 Bc7 30. Bxc7+ Rxc7 31. Rd6+ Ke7 32. Rxd3 Rf8 33.
Ra1 Ke6 34. Re3+ Kd6 35. Rd1+ Kc5 36. Re5+ Kb4 37. Rb1+ Kc3 38. Rc1+ Kb2 39.
Rd1 Rcf7 40. Re2+ Kb3 41. Rb1+ Kc3 42. Rc1+ Kb3 43. Rb1+ Kc3 44. Re3+ Kc4 45.
Rc1+ Kb4 46. b6 axb6 47. Re5 Ka3 48. Rb5 Ka2 49. Rc2+ Ka1 50. Re5 Kb1 51. Ba4
Re8 52. Bxe8 Nxe8 53. Rc6 Nc7 54. Rxb6+ Kc2 55. Rc5+ Kd3 56. Rd6+ Ke4 57. Kf1
Ne8 58. f3+ Ke3 59. Re5+ Kf4 60. Rxe8 g6 {Hossa resigns} 1-0

[Event "ICS Rated blitz match"]
[Site "204.178.125.65"]
[Date "2001.07.11"]
[Round "?"]
[White "Hossa"]
[Black "gerbil"]
[Result "1-0"]
[WhiteElo "2586"]
[BlackElo "2286"]
[PlyCount "87"]
[EventDate "2001.??.??"]

1. e4 c6 2. d4 d5 3. exd5 cxd5 4. Bd3 Nc6 5. c3 e5 6. dxe5 Nxe5 7. Bb5+ Ke7 8.
Qe2 Kd6 9. Bf4 Qf6 10. Qe3 Bg4 11. h3 Bh5 12. g4 Bxg4 13. hxg4 Ne7 14. Bd3 h6
15. Nf3 N7c6 16. Bb5 Ke6 17. Nd4+ Nxd4 18. cxd4 Bd6 19. Bxe5 Bxe5 20. Rh5 g5
21. Nc3 Qf4 22. dxe5 Qxe3+ 23. fxe3 Kxe5 24. O-O-O Rad8 25. Rf1 a6 26. Rf5+ Ke6
27. Be2 b5 28. Bf3 d4 29. Bd5+ Ke7 30. exd4 b4 31. Ne4 f6 32. Rh3 Rdf8 33. Nc5
Kd6 34. Nxa6 h5 35. Rxh5 Rxh5 36. gxh5 b3 37. Bxb3 g4 38. Rd5+ Ke7 39. Nc5 f5
40. Rd7+ Kf6 41. Rd6+ Ke7 42. Re6+ Kd8 43. Ra6 Re8 44. Ra8+ {gerbil resigns}
1-0

[Event "ICS rated standard match"]
[Site "204.178.125.65"]
[Date "2001.07.11"]
[Round "?"]
[White "Hossa"]
[Black "nitmo"]
[Result "1-0"]
[WhiteElo "2387"]
[BlackElo "2035"]
[PlyCount "91"]
[EventDate "2001.??.??"]

1. d4 d5 2. c4 e5 3. dxe5 d4 4. Nf3 Nc6 5. g3 Bg4 6. Nbd2 Qd7 7. Bg2 Bh3 8. O-O
Bxg2 9. Kxg2 O-O-O 10. Nb3 h5 11. Bf4 h4 12. gxh4 Be7 13. Bg3 f5 14. Qc1 Qe8
15. Qf4 Qg6 16. Nfxd4 Bxh4 17. Nxf5 Bxg3 18. hxg3 Nge7 19. Nxe7+ Nxe7 20. Rh1
Qc6+ 21. f3 Kb8 22. Rxh8 Rxh8 23. Rh1 Rxh1 24. Kxh1 Qh6+ 25. Qxh6 gxh6 26. e4
Kc8 27. f4 Kd8 28. Kg2 b6 29. Nd4 Ke8 30. Nb5 c6 31. Nxa7 Kd7 32. f5 Kc7 33. f6
Ng6 34. e6 Kd6 35. e7 Kd7 36. Nxc6 Nh8 37. Nb8+ Ke8 38. Na6 Nf7 39. Nc7+ Kd7
40. e8=Q+ Kxc7 41. Qxf7+ Kc6 42. Qd5+ Kc7 43. f7 b5 44. Qxb5 h5 45. f8=Q h4 46.
Qfb8# {nitmo checkmated} 1-0

[Event "ICS rated blitz match"]
[Site "204.178.125.65"]
[Date "2001.07.11"]
[Round "?"]
[White "AlperEfe"]
[Black "Hossa"]
[Result "0-1"]
[WhiteElo "2043"]
[BlackElo "2591"]
[PlyCount "56"]
[EventDate "2001.??.??"]

1. e4 d6 2. d4 Nf6 3. f3 g6 4. Be3 Bg7 5. Nc3 O-O 6. Qd2 d5 7. e5 Ne8 8. O-O-O
f6 9. f4 fxe5 10. dxe5 c6 11. Nf3 b5 12. h4 b4 13. Ne2 Qa5 14. Kb1 Bg4 15. Nc1
Qc7 16. Qxb4 a5 17. Qc5 Na6 18. Bxa6 Rxa6 19. h5 g5 20. Nxg5 Bxd1 21. Rxd1 Qd7
22. e6 Qd6 23. Qxd6 Nxd6 24. Bc5 Rxf4 25. Bxd6 exd6 26. e7 Ra8 27. Re1 Re8 28.
Ne6 Rxe7 {AlperEfe resigns} 0-1

[Event "ICS rated blitz match"]
[Site "204.178.125.65"]
[Date "2001.07.11"]
[Round "?"]
[White "Hossa"]
[Black "AlperEfe"]
[Result "1-0"]
[WhiteElo "2592"]
[BlackElo "2042"]
[PlyCount "83"]
[EventDate "2001.??.??"]

1. e4 c5 2. Nf3 Nc6 3. d4 cxd4 4. Nxd4 Qc7 5. Be2 Nf6 6. Nc3 e6 7. O-O a6 8.
Be3 b5 9. a3 Bb7 10. Nxc6 Bxc6 11. Qd3 Qb7 12. Bf3 d6 13. Bf4 Rd8 14. Be3 Be7
15. Bd4 O-O 16. Qe3 e5 17. Bb6 Rb8 18. Ba5 Nd7 19. Nd5 Bxd5 20. exd5 f5 21. Qd2
e4 22. Be2 Ne5 23. Bc3 Bf6 24. Bb4 Qd7 25. b3 g5 26. c3 f4 27. Rfe1 f3 28. Bf1
Rf7 29. Rxe4 Qf5 30. Bxd6 Qxe4 31. Bxb8 g4 32. g3 h5 33. Re1 Qg6 34. Bxe5 Bxe5
35. Rxe5 h4 36. Rg5 Rg7 37. Rxg6 Rxg6 38. d6 hxg3 39. d7 gxh2+ 40. Kxh2 g3+ 41.
fxg3 b4 42. d8=Q+ {AlperEfe resigns} 1-0

[Event "ICS rated blitz match"]
[Site "204.178.125.65"]
[Date "2001.07.11"]
[Round "?"]
[White "Matabolix"]
[Black "Hossa"]
[Result "0-1"]
[WhiteElo "2040"]
[BlackElo "2593"]
[PlyCount "90"]
[EventDate "2001.??.??"]

1. e4 d6 2. d4 Nf6 3. Nc3 g6 4. Be3 c6 5. Qd2 Ng4 6. Bg5 f6 7. Bh4 Bh6 8. Qe2
Qb6 9. Nd1 Qxd4 10. h3 Ne5 11. c3 Bd2+ 12. Qxd2 Qxe4+ 13. Be2 Qxg2 14. Ne3 Qxh1
15. O-O-O Bxh3 16. Nf3 Nxf3 17. Rxh1 Nxd2 18. Kxd2 Be6 19. f4 Bxa2 20. Bd3 Nd7
21. Bf2 Bf7 22. Ng4 h5 23. Ne3 e5 24. fxe5 dxe5 25. Nc4 Bxc4 26. Bxc4 Ke7 27.
Rg1 g5 28. Ke3 Nb6 29. Bd3 Nd5+ 30. Ke4 Ke6 31. Kf3 g4+ 32. Kg3 f5 33. Re1 h4+
34. Kg2 Nf4+ 35. Kh2 Nxd3 36. Re2 Nxf2 37. Rxf2 g3+ 38. Kg2 gxf2 39. Kxf2 Rag8
40. Kf3 Rg3+ 41. Kf2 Kd5 42. Kf1 Ke4 43. Kf2 Rhg8 44. Ke2 Rg1 45. Kd2 R8g2# {
Matabolix checkmated} 0-1

[Event "ICS rated blitz match"]
[Site "204.178.125.65"]
[Date "2001.07.11"]
[Round "?"]
[White "baldomero"]
[Black "Hossa"]
[Result "0-1"]
[WhiteElo "2449"]
[BlackElo "2595"]
[PlyCount "58"]
[EventDate "2001.??.??"]

1. e4 d6 2. d4 Nf6 3. Nc3 g6 4. Nf3 Bg7 5. Be2 O-O 6. O-O Bd7 7. h3 c5 8. e5
dxe5 9. dxe5 Ne8 10. Bf4 Nc6 11. Ne4 b6 12. Qd2 Bf5 13. Qe3 Nb4 14. Ng3 Nxc2
15. Qc3 Nxa1 16. Nxf5 gxf5 17. Rxa1 Nc7 18. Rd1 Qe8 19. Qc1 Rd8 20. Bd3 Qa4 21.
b3 Qxa2 22. Bh6 Bxh6 23. Qxh6 Rxd3 24. Ng5 Rxd1+ 25. Kh2 Rh1+ 26. Kg3 Qxb3+ 27.
f3 f4+ 28. Kg4 Qc2 29. Ne4 Qxg2+ {baldomero resigns} 0-1

[Event "ICS rated blitz match"]
[Site "204.178.125.65"]
[Date "2001.07.11"]
[Round "?"]
[White "baldomero"]
[Black "Hossa"]
[Result "0-1"]
[WhiteElo "2430"]
[BlackElo "2614"]
[PlyCount "68"]
[EventDate "2001.??.??"]

1. e4 d6 2. d4 Nf6 3. Nc3 g6 4. Nf3 Bg7 5. Be2 O-O 6. O-O Bd7 7. h3 c5 8. dxc5
dxc5 9. Be3 Bc6 10. Bxc5 Nxe4 11. Nxe4 Bxe4 12. c3 Qc7 13. Bd4 Rd8 14. Qa4 Bxd4
15. Nxd4 Qe5 16. Nf3 Qf5 17. Rad1 Nc6 18. Rxd8+ Rxd8 19. Rd1 Rxd1+ 20. Qxd1 Kg7
21. Nd4 Qe5 22. Nxc6 Bxc6 23. Bf3 Bxf3 24. Qxf3 Qe1+ 25. Kh2 b6 26. a4 f5 27.
g3 Qf1 28. h4 h5 29. b3 Kf6 30. c4 Qe1 31. Kg2 Qb1 32. Qc3+ Kf7 33. b4 Qe4+ 34.
Qf3 Qxc4 {baldomero resigns} 0-1

[Event "ICS rated bullet match"]
[Site "204.178.125.65"]
[Date "2001.07.11"]
[Round "?"]
[White "Hossa"]
[Black "Yace"]
[Result "1-0"]
[WhiteElo "2574"]
[BlackElo "2696"]
[PlyCount "129"]
[EventDate "2001.??.??"]

1. e4 c6 2. d4 d5 3. Nc3 dxe4 4. Nxe4 Nd7 5. Nf3 Ngf6 6. Nxf6+ Nxf6 7. c3 Bg4
8. h3 Bxf3 9. Qxf3 Nd5 10. Be2 g6 11. O-O Bg7 12. Bg5 O-O 13. Bc4 Qd6 14. Rfe1
e6 15. g3 b5 16. Bb3 a6 17. Re2 h6 18. Bd2 Rfd8 19. Be3 Rd7 20. Ree1 Rb8 21.
Rf1 a5 22. Qg4 a4 23. Bxd5 Qxd5 24. Qe2 Rbd8 25. Rfe1 Qf5 26. g4 Qf6 27. Kf1
Qh4 28. Qf3 Rd5 29. Bf4 h5 30. g5 a3 31. b4 Rf5 32. Re4 Bf8 33. Ke2 Rd7 34. Rg1
e5 35. dxe5 Be7 36. Qe3 Rd5 37. Ke1 Rd3 38. Qxd3 Rxf4 39. Re2 Rf5 40. e6 Rxg5
41. exf7+ Kxf7 42. Rxg5 Qxg5 43. Qe3 Qxe3 44. fxe3 g5 45. Rg2 Kf6 46. Ke2 Ke6
47. Kd3 Kf5 48. Rf2+ Kg6 49. e4 g4 50. Rg2 Kg5 51. hxg4 hxg4 52. Kd4 Bd6 53. e5
Be7 54. Ke4 c5 55. bxc5 Bxc5 56. Kd5 Be7 57. e6 Bf6 58. Kc6 Be7 59. Kd7 Bc5 60.
e7 Bxe7 61. Kxe7 Kf4 62. Rxg4+ Ke3 63. c4 b4 64. c5 b3 65. axb3 {Yace resigns}
1-0

[Event "ICS rated bullet match"]
[Site "204.178.125.65"]
[Date "2001.07.11"]
[Round "?"]
[White "Yace"]
[Black "Hossa"]
[Result "1-0"]
[WhiteElo "2675"]
[BlackElo "2595"]
[PlyCount "75"]
[EventDate "2001.??.??"]

1. c4 Nf6 2. d4 e6 3. Nc3 Be7 4. e4 d5 5. e5 Ng8 6. Nf3 Nc6 7. cxd5 exd5 8. Qb3
Kf8 9. Be2 Rb8 10. Qxd5 Qxd5 11. Nxd5 Bg4 12. Be3 Bb4+ 13. Nxb4 Nxb4 14. O-O
Nc2 15. Rac1 Nxe3 16. fxe3 Ne7 17. Rf2 Bf5 18. Ng5 h6 19. Nxf7 Kxf7 20. e4 c6
21. exf5 Rbd8 22. Bh5+ Kg8 23. f6 gxf6 24. exf6 Nd5 25. Re1 Rf8 26. Re6 Rh7 27.
f7+ Kg7 28. Rf3 c5 29. dxc5 Rhh8 30. Rg3+ Kh7 31. Bg6+ Kg7 32. Be4+ Kxf7 33.
Bxd5 Rfg8 34. Rf3+ Kg7 35. Be4 Rf8 36. Rg6+ Kh7 37. Rgg3+ Rf5 38. Bxf5# {
Hossa checkmated} 1-0

[Event "ICS rated blitz match"]
[Site "204.178.125.65"]
[Date "2001.07.11"]
[Round "?"]
[White "Hossa"]
[Black "Croupier"]
[Result "1-0"]
[WhiteElo "2625"]
[BlackElo "2145"]
[PlyCount "37"]
[EventDate "2001.??.??"]

1. e4 c6 2. d4 d5 3. exd5 cxd5 4. Bd3 Nc6 5. c3 g6 6. Nf3 Bg7 7. O-O Nf6 8. Re1
O-O 9. Na3 a6 10. Bf4 Nh5 11. Be3 Qd6 12. Qd2 Bd7 13. Be2 Nf6 14. Bf4 Ne4 15.
Qe3 Qe6 16. Bd3 Nd6 17. Qc1 Qg4 18. h3 Qh5 19. Ng5 {Croupier resigns} 1-0

[Event "ICS rated blitz match"]
[Site "204.178.125.65"]
[Date "2001.07.11"]
[Round "?"]
[White "Croupier"]
[Black "Hossa"]
[Result "0-1"]
[WhiteElo "2139"]
[BlackElo "2631"]
[PlyCount "40"]
[EventDate "2001.??.??"]

1. d4 Nf6 2. e3 d5 3. Bd3 c5 4. c3 Nc6 5. dxc5 e5 6. b4 Be7 7. Bb2 Qc7 8. Bb5
O-O 9. Ne2 b6 10. cxb6 axb6 11. a3 Bf5 12. O-O Na7 13. Bd3 Bxd3 14. Qxd3 Rfc8
15. Nd2 b5 16. e4 Rd8 17. Qf3 Qc6 18. exd5 Rxd5 19. Ne4 Nxe4 20. Qxe4 Rd2 {
Croupier resigns} 0-1

[Event "ICS rated standard match"]
[Site "204.178.125.65"]
[Date "2001.07.11"]
[Round "?"]
[White "A-Adly"]
[Black "Hossa"]
[Result "1/2-1/2"]
[WhiteElo "2373"]
[BlackElo "2391"]
[PlyCount "142"]
[EventDate "2001.??.??"]

1. d4 Nf6 2. Nf3 d5 3. e3 g6 4. Nbd2 Bg7 5. b3 O-O 6. Bb2 Nc6 7. a3 Bf5 8. Bd3
Bxd3 9. cxd3 Qd7 10. O-O Rfd8 11. Rc1 Ne8 12. Ne5 Nxe5 13. dxe5 Qf5 14. d4 c6
15. Qc2 Qxc2 16. Rxc2 Nc7 17. f4 f5 18. Rfc1 h6 19. a4 Ne6 20. Ba3 Kf7 21. b4
a5 22. b5 cxb5 23. axb5 a4 24. Nb1 Ra5 25. Nc3 g5 26. g3 gxf4 27. gxf4 Ra7 28.
Bb4 b6 29. Ra2 Nc7 30. Rca1 Rg8 31. Kf2 Rga8 32. Rxa4 Rxa4 33. Rxa4 Rxa4 34.
Nxa4 Nxb5 35. Nxb6 Nc7 36. Kf3 Bf8 37. Nd7 Ke8 38. Nb6 Kf7 39. Kg3 Bg7 40. Kh4
Ke6 41. Kh5 Kf7 42. Nc8 Bf8 43. h3 Nb5 44. Bxe7 Bxe7 45. Nxe7 Kxe7 46. Kxh6 Kf7
47. Kg5 Na3 48. Kxf5 Nc4 49. e6+ Ke7 50. Kg6 Kxe6 51. f5+ Ke7 52. Kg7 Nd6 53.
f6+ Ke6 54. Kg6 Nf7 55. h4 Nd6 56. h5 Nf7 57. Kg7 Nd6 58. Kg6 Nf7 59. e4 dxe4
60. d5+ Kxd5 61. Kxf7 e3 62. h6 e2 63. h7 e1=Q 64. h8=Q Qe6+ 65. Kg7 Qg4+ 66.
Kh7 Qh3+ 67. Kg8 Qc8+ 68. Kg7 Qg4+ 69. Kf7 Qe6+ 70. Kf8 Qc8+ 71. Kg7 Qg4+ {
Game drawn by repetition} 1/2-1/2

[Event "ICS rated blitz match"]
[Site "204.178.125.65"]
[Date "2001.07.11"]
[Round "?"]
[White "Hossa"]
[Black "Psilocybe"]
[Result "0-1"]
[WhiteElo "2633"]
[BlackElo "2815"]
[PlyCount "53"]
[EventDate "2001.??.??"]

1. c4 g6 2. e4 Bg7 3. d4 d6 4. Nc3 Nf6 5. f3 O-O 6. Be3 a6 7. Qd2 Nc6 8. d5 Ne5
9. g4 c6 10. h4 cxd5 11. cxd5 h5 12. gxh5 Nxh5 13. Qf2 b5 14. Bb6 Qe8 15. Be2
Nf4 16. Rd1 b4 17. Be3 bxc3 18. Bxf4 cxb2 19. h5 Qa4 20. Qb6 Bd7 21. Qb3 Rfb8
22. Qxa4 Bxa4 23. Rb1 Bc2 24. Rxb2 Rxb2 25. h6 Bf6 26. h7+ Kh8 27. a3 {
Hossa resigns} 0-1

[Event "ICS rated bullet match"]
[Site "204.178.125.65"]
[Date "2001.07.11"]
[Round "?"]
[White "Hossa"]
[Black "repla"]
[Result "1-0"]
[WhiteElo "2585"]
[BlackElo "2074"]
[PlyCount "67"]
[EventDate "2001.??.??"]

1. e4 c6 2. d4 d5 3. exd5 cxd5 4. Bd3 Nc6 5. c3 Nf6 6. Bg5 Ne4 7. Nf3 Nxg5 8.
Nxg5 Qb6 9. b3 g6 10. Qf3 f6 11. Nxh7 Nxd4 12. Bxg6+ Kd8 13. Qxd5+ Bd7 14. Nxf8
Nc2+ 15. Bxc2 Qd6 16. Qxd6 exd6 17. Nxd7 Kc7 18. Nxf6 Rhf8 19. Nd5+ Kc6 20. Be4
Rae8 21. f3 Kd7 22. Nd2 Kc8 23. g3 b6 24. h4 Rxe4+ 25. fxe4 Rg8 26. Ne7+ Kd7
27. Nxg8 Ke6 28. O-O Ke5 29. Nc4+ Ke6 30. Rf6+ Kd7 31. Rf7+ Kc6 32. Rxa7 b5 33.
Ne7+ Kc5 34. Rc7# {repla checkmated} 1-0

[Event "ICS rated bullet match"]
[Site "204.178.125.65"]
[Date "2001.07.11"]
[Round "?"]
[White "repla"]
[Black "Hossa"]
[Result "0-1"]
[WhiteElo "2072"]
[BlackElo "2587"]
[PlyCount "94"]
[EventDate "2001.??.??"]

1. e4 d6 2. Nf3 Nf6 3. c4 Nxe4 4. d4 d5 5. Bd3 Nc6 6. O-O Bg4 7. Re1 Bxf3 8.
gxf3 Nf6 9. c5 Nxd4 10. Qa4+ Nc6 11. Bb5 Qd7 12. Bf4 e6 13. Nc3 Bxc5 14. Rad1
O-O 15. Ne4 Be7 16. Ng5 a6 17. Bd3 h6 18. Nh3 e5 19. Bg3 Qxh3 20. Bf1 Qf5 21.
Qb3 Bb4 22. Bd3 Qh3 23. Bf1 Qh5 24. Re3 d4 25. Red3 Nd7 26. a3 Nc5 27. Qc4 Nxd3
28. axb4 Nxb2 29. Qb3 Nxd1 30. Qxd1 Nxb4 31. Be2 Qg6 32. f4 exf4 33. Bh5 Qf6
34. Bh4 Qxh4 35. Qg4 Qxg4+ 36. Bxg4 d3 37. Bd7 b6 38. Bg4 c6 39. Bd1 Nd5 40.
Kg2 Ne3+ 41. Kf3 Nxd1 42. Kxf4 d2 43. Kf3 Rfe8 44. Kf4 Nxf2 45. Kf5 Re4 46. h4
g6+ 47. Kf6 Re6# {repla checkmated} 0-1

[Event "ICS rated bullet match"]
[Site "204.178.125.65"]
[Date "2001.07.11"]
[Round "?"]
[White "Hossa"]
[Black "repla"]
[Result "1-0"]
[WhiteElo "2589"]
[BlackElo "2070"]
[PlyCount "47"]
[EventDate "2001.??.??"]

1. c4 e6 2. d4 d5 3. Nc3 Nf6 4. Bg5 Be7 5. e3 O-O 6. cxd5 Nxd5 7. Bxe7 Qxe7 8.
Bd3 Nxc3 9. bxc3 e5 10. Qc2 g6 11. dxe5 Qxe5 12. Nf3 Qe7 13. Rb1 c5 14. O-O Nc6
15. Be4 Bd7 16. Rxb7 Qd8 17. Rd1 Nb8 18. Ne5 Qc8 19. Nxd7 Nxd7 20. Rdxd7 Rd8
21. Rxf7 Qxb7 22. Rxb7 Rd6 23. Qb3+ Kf8 24. Qf7# {repla checkmated} 1-0

[Event "ICS rated blitz match"]
[Site "204.178.125.65"]
[Date "2001.07.11"]
[Round "?"]
[White "Contact"]
[Black "Hossa"]
[Result "0-1"]
[WhiteElo "2141"]
[BlackElo "2625"]
[PlyCount "64"]
[EventDate "2001.??.??"]

1. e4 d6 2. d4 Nf6 3. Nc3 g6 4. f3 Bg7 5. Be3 O-O 6. Qd2 d5 7. e5 Ne8 8. h4 f6
9. h5 g5 10. f4 gxf4 11. Bxf4 c5 12. Bh6 cxd4 13. Nb5 fxe5 14. Bxg7 Nxg7 15. h6
Nf5 16. Qg5+ Kh8 17. g4 Qa5+ 18. c3 dxc3 19. bxc3 Rg8 20. Qh5 a6 21. gxf5 axb5
22. Ne2 d4 23. Qf7 dxc3 24. Kd1 Rd8+ 25. Ke1 c2+ 26. Kf2 Qb6+ 27. Kg2 Rg8+ 28.
Ng3 Qc6+ 29. Kh2 Qxh6+ 30. Kg2 Qd2+ 31. Kf3 Ra3+ 32. Ke4 Qd4# {
Contact checkmated} 0-1

[Event "ICS rated blitz match"]
[Site "204.178.125.65"]
[Date "2001.07.11"]
[Round "?"]
[White "Hossa"]
[Black "Contact"]
[Result "1-0"]
[WhiteElo "2627"]
[BlackElo "2139"]
[PlyCount "79"]
[EventDate "2001.??.??"]

1. c4 e6 2. d4 Nf6 3. Nc3 d5 4. cxd5 exd5 5. Nf3 Bd6 6. Bg5 c6 7. e3 h6 8. Bh4
Bf5 9. Bd3 Bxd3 10. Qxd3 Nbd7 11. O-O O-O 12. e4 dxe4 13. Nxe4 Be7 14. Rfe1
Nxe4 15. Bxe7 Qxe7 16. Rxe4 Qd6 17. Ree1 Nf6 18. Ne5 Rad8 19. Qb3 b6 20. Rac1
Rc8 21. Qa4 c5 22. dxc5 Rxc5 23. Rxc5 Qxc5 24. Qxa7 Re8 25. Qxf7+ Kh7 26. Qg6+
Kg8 27. Qg3 Ne4 28. Qb3+ Kh7 29. Nd3 Qa5 30. Qc2 Nf6 31. Nf4+ Kg8 32. Qc4+ Kh7
33. Rxe8 Nxe8 34. Qe4+ Kh8 35. Qxe8+ Kh7 36. Qe4+ Kh8 37. Ng6+ Kg8 38. Qe6+ Kh7
39. Ne7 Qc5 40. Qg8# {Contact checkmated} 1-0

[Event "ICS rated blitz match"]
[Site "204.178.125.65"]
[Date "2001.07.11"]
[Round "?"]
[White "Contact"]
[Black "Hossa"]
[Result "0-1"]
[WhiteElo "2137"]
[BlackElo "2629"]
[PlyCount "92"]
[EventDate "2001.??.??"]

1. e4 d6 2. d4 Nf6 3. Nc3 g6 4. f3 Bg7 5. Be3 O-O 6. Qd2 d5 7. e5 Ne8 8. h4 f6
9. Bh6 fxe5 10. Bxg7 Nxg7 11. dxe5 e6 12. g4 Nc6 13. f4 h5 14. Be2 Bd7 15. gxh5
gxh5 16. Nf3 Qe7 17. O-O-O Qb4 18. f5 Rxf5 19. Rhg1 Qf4 20. Qxf4 Rxf4 21. Nb5
a6 22. Nbd4 Nxd4 23. Rxd4 Raf8 24. Rxf4 Rxf4 25. Ng5 Rxh4 26. Bd3 Rg4 27. Rxg4
hxg4 28. Kd1 g3 29. Ke2 Nh5 30. Kf3 Kg7 31. Nh3 Kh6 32. c3 c5 33. b3 Bc6 34.
Ke2 g2 35. Kf2 d4 36. c4 b6 37. Ng1 Nf4 38. Bc2 d3 39. Bd1 Kg5 40. Nf3+ Bxf3
41. Bxf3 d2 42. a3 Kf5 43. b4 Kxe5 44. bxc5 bxc5 45. Bd1 Kd4 46. Bb3 e5 {
Contact resigns} 0-1

[Event "ICS rated blitz match"]
[Site "204.178.125.65"]
[Date "2001.07.11"]
[Round "?"]
[White "Hossa"]
[Black "Contact"]
[Result "1-0"]
[WhiteElo "2631"]
[BlackElo "2135"]
[PlyCount "38"]
[EventDate "2001.??.??"]

1. d4 d5 2. c4 e6 3. Nc3 Nf6 4. Bg5 Be7 5. Nf3 Nbd7 6. cxd5 exd5 7. e3 c6 8.
Bd3 h6 9. Bh4 O-O 10. O-O Re8 11. Qc2 Nf8 12. Rfe1 Bg4 13. Ne5 Bh5 14. Bf5 Bd6
15. g4 Bg6 16. Nxg6 Nxg6 17. Bxg6 fxg6 18. Qxg6 Be7 19. Bxf6 Bxf6 {
Contact resigns} 1-0

[Event "ICS unrated blitz match"]
[Site "204.178.125.65"]
[Date "2001.07.11"]
[Round "?"]
[White "Panthee"]
[Black "Hossa"]
[Result "0-1"]
[WhiteElo "2200"]
[BlackElo "2633"]
[PlyCount "94"]
[EventDate "2001.??.??"]

1. e4 d6 2. d4 Nf6 3. f3 g6 4. Be3 Bg7 5. Qd2 O-O 6. Nc3 e5 7. Nge2 exd4 8.
Nxd4 d5 9. e5 Ne8 10. f4 f6 11. Nf3 c6 12. O-O-O Bg4 13. Be2 Bxf3 14. Bxf3 fxe5
15. fxe5 Bxe5 16. Nxd5 Rxf3 17. gxf3 Qxd5 18. Qxd5+ cxd5 19. Rxd5 Bc7 20. Bh6
Nf6 21. Rd3 Nc6 22. Bg5 Kg7 23. Bxf6+ Kxf6 24. Rd7 Bf4+ 25. Kb1 b6 26. h4 h6
27. a3 Rc8 28. Rhd1 Bc7 29. Rh7 Bg3 30. Rdd7 h5 31. Rdf7+ Ke6 32. Rfg7 Ne5 33.
Rxa7 Bxh4 34. Rab7 Rc6 35. Rhc7 Rxc7 36. Rxc7 Kf5 37. Rb7 Bf2 38. b4 Nxf3 39.
c4 Kg4 40. c5 bxc5 41. b5 g5 42. b6 c4 43. a4 h4 44. a5 h3 45. a6 h2 46. a7
h1=Q+ 47. Kc2 Qa1 {Panthee resigns} 0-1